00464 2200181 4500001002100000005001500021035002000036245003700056100002100093250001700114300003200131260003900163082000800202084001400210020002200224650001400246500002200260INLIS00000000000038220240605092057 a0010-06240000911 aNamaku Gangu /cRahmat Margajaya0 aRahmat Margajaya acetakan ke-1 aiv, 60 hlm :bilus ;c21 cm aJakarta :bAzka Mulia Media,c2007 a813 a813 RAH n a978-979-1211-21-5 4aBuku Anak aSeri Budi Pekerti